000 00854cab a2200265 4500
001 WB3326-23
008 090401t1997 xxu||||| |||| 00| 0 eng d
035 _a(Sirsi) u79424
041 _aeng
245 _aHousing market unscathed by budget
260 _c1997
350 _a0
490 _aFinancial Times
_v3 July 1997, 14,26
490 _aRICS Press Release
_v(pro72.corp) 2 July 1997 (2)
520 _aConsiders how the budget of July 1997 will effect the housing market, looking at the higher stamp duty and the cuts to mortgage interest relief (MIRAS). RICS comment.
650 _aBUDGET
650 _aHOMEBUYERS
650 _aMIRAS
650 _aRESIDENTIAL PROPERTY MARKET
650 _aRICS
650 _aSTAMP DUTY
690 _aPROPERTY-RESIDENTIAL PROPERTY-RESIDENTIAL PROPERTY MARKET
942 _n0
948 _c03/07/1997
999 _c49923
_d49923